Kiállítási napló szegediek tárlata Szabadkán /
Elmentve itt :
| Szerző: | |
|---|---|
| Dokumentumtípus: | Cikk |
| Megjelent: |
1968-03-26
|
| Sorozat: | Délmagyarország
58 No. 72 |
| Kulcsszavak: | Vinkler László, Zoltánffy István, Duranci, Bela, Képzőművészet kiállítás Szabadka 1968, Szabadka, műgyűjtők kiállítása |
| Online Access: | http://dmarchiv.bibl.u-szeged.hu/71038 |
| LEADER | 00596nab a2200157 i 4500 | ||
|---|---|---|---|
| 001 | delm71038 | ||
| 005 | 20180928082403.0 | ||
| 008 | 180928s1968 hu o 0|| hun d | ||
| 040 | |a SZTE Délmagyarország Archívum |b hun | ||
| 041 | |a hun | ||
| 100 | 1 | |a Akácz László | |
| 245 | 1 | 0 | |a Kiállítási napló |h [elektronikus dokumentum] : |b szegediek tárlata Szabadkán / |c Akácz László |
| 260 | |c 1968-03-26 | ||
| 300 | |a 5 | ||
| 490 | 0 | |a Délmagyarország |v 58 No. 72 | |
| 695 | |a Vinkler László, Zoltánffy István, Duranci, Bela, Képzőművészet kiállítás Szabadka 1968, Szabadka, műgyűjtők kiállítása | ||